Statistiques concernant Connaissances générales #1

Cliquez ici pour prendre le quiz!

Statistiques générales

  • Ce quiz a été pris 1 002 fois
  • Le résultat moyen est 3 sur 15

Statistiques - réponses

HintRéponse% Correct
Quelle est la capitale de l'Uruguay?Montevideo
81%
Quel pays d'Afrique a été fondé pour y accueillir les esclaves libérés?Liberia
57%
Quel état américain vient au dernier rang si on les classe alphabétiquement?Wyoming
57%
Qui fut le ministre de la propagande du 3e reich de 1933 à 1945?Joseph Goebbels
32%
Quel album de Tintin est la suite des cigares du pharaon?Le lotus bleu
26%
Quel pays était autrefois appelé Haute-Volta?Burkina Faso
22%
Comment s'appelle le fils le plus célèbre d’Henri II d'Angleterre et d’Aliénor d'Aquitaine?Richard Coeur de Lion
19%
Qui est l'auteur du roman ''Chronique d'une mort annoncée''?Gabriel Garcia Marquez
9%
Quelle est la première chanson de l'album ''Abbey Road''?Come together
6%
De quel pays provient la bière Prestige?Haïti
5%
Pour quel film Al pacino a-t-il remporté l'oscar du meilleur acteur?Scent of a woman
5%
Quel joueur a été sélectionné au premier rang du repêchage de la LNH en 1990?Owen Nolan
3%
Pour quel rôle, deux acteurs différents ont obtenu chacun un oscar?Vito Corleone
3%
Quel joueur de baseball détient le record du plus grand nombre de coups sûrs en une saison?Ichiro Suzuki
2%
Quel était le nom du cruel capitaine lors de la révolte du Bounty?William Bligh
2%

Distribution des résultats

Percentile par nombre de réponses

% des personnes avec chaque résultat

Votre développement - résultats

Vous n’avez pas pris ce quiz